000 00682na a2200217 4500
001 21120
003 MIRAKIL
005 20181213154950.0
008 170201b tu 000 0
040 _aMilas
_btur
_cTR-AnCHP
041 _atur
082 _a351.7223
_bS23i 2009
090 _a351.7223 S23i 2009
110 _aSahil Güvenlik Komutanlığı
245 _a2009 yılı bütçe tasarısı
_cSahil Güvenlik Komutanlığı
260 _a[Ankara]
_bSahil Güvenlik Komutanlığı
_c2009
300 _ayaklaşık 35 s.
_btbl.
_c20 sm.
610 _aSahil Güvenlik Komutanlığı
_xBütçe tasarısı
_y2009
710 _aSahil Güvenlik Komutanlığı
942 _2ddc
_cBKS
999 _c4008
_d4008